Pokémon Trivia - Water Type - Statistics

General Stats
  • This quiz has been taken 30 times
  • The average score is 6 of 10
Answer Stats
Question Answer % Correct
What types are Water weak to? Grass, Electric
100%
How does a Mantine evolve from a Mantyke? It gains a level with a Remoraid in the party
100%
Which of these items Powers up Water moves? All of the Above
60%
What types does Water resist? Fire, Ice, Water, Steel
60%
Which of these is NOT an effect of the move Rain Dance? Growth increases Atk and Sp. Atk by 2 stages instead of 1
60%
What is the most common type paired with Water? Rock
60%
Which generation introduced the least amount of Water Pokémon? Generation 6
40%
What is the strongest Water type move with a set base power? (Non Z-Move) Hydro Cannon
40%
What does the ability Water Veil do? Prevents the user from being burned
40%
Which of the following is true about the Water type? It has the most Pokémon that evolve via trade.
20%
No matching quizzes found
Score Distribution
Percent of People with Each Score
Percentile by Number Answered
Your Score History
You have not taken this quiz